000 00308nam a2200133 i 4500
001 bg
100 1 _aPOTRYKUS, J.
245 0 _aSmarowanie minimalne obrabiarek /
_cJ. Potrykus.
260 _aWrocław,
_c1991.
040 _cBPK
041 _apol
942 _cKS
008 s pl f |000 0 pol
999 _c29499
_d29499
856 _uhttp://koha.tu.koszalin.pl/cgi-bin/koha/opac-detail.pl?biblionumber=29499
_yKatalog online BPK